| 000 | 00384nam a22001337a 4500 | ||
|---|---|---|---|
| 020 | _qPB. | ||
| 040 | _cFIZZA ISHAQ | ||
| 082 |
_a579 _bJOH |
||
| 100 |
_aSPENCER, F.T. JOHN. _991577 |
||
| 245 |
_aENVIRONMENTAL MICROBIOLOGY METHODS AND PROTOCOLS / _cJOHN F.T. SPENCER. |
||
| 260 |
_aNEW YORK ; _bHUMANA, _c2010. |
||
| 300 | _a423 P. ; | ||
| 942 |
_2ddc _cBK |
||
| 999 |
_c589706 _d589706 |
||